טוען...

Economic planning

מידע ביבליוגרפי
מחבר ראשי: Agrawal, A N
מחברים אחרים: Kundan Lal
פורמט: Printed Book
שפה:Undetermined
English
יצא לאור: New Delhi Vikas Publishing 1977
נושאים:
LEADER 00595nam a2200205Ia 4500
008 140306s9999 xx 000 0 und d
041 |a eng 
082 |a 330  |b AGR/EC 
100 |a Agrawal, A N 
700 |a Kundan Lal 
245 |a Economic planning 
260 |a New Delhi  |b Vikas Publishing  |c 1977 
300 |a 200 
365 |b Rs .50 .00 
650 |a Capital 
650 |a income 
650 |a market 
942 |2 ddc  |c BK 
999 |c 120755  |d 120755 
952 |0 0  |1 0  |2 ddc  |4 0  |6 330_000000000000000_AGREC  |7 0  |9 120079  |a KAUHCV  |b KAUHCV  |d 2002-05-07  |g 50.00  |o 330 AGR/EC  |p KAU_HCV-3423  |r 2014-03-22  |w 2014-03-22  |y BK